000 00590nam a2200217Ia 4500
003 OSt
005 20220925223020.0
006 a|||||r|||| 00| 0
007 ta
008 220923b |||||||| |||| 00| 0 eng d
037 _cGeneral Book
040 _aRTL
_cRTL
_beng
041 _2eng
_aeng
082 _aYxM58:g, N2
100 _aGane Mike Ed.
_9288730
245 0 _aRadical sociology of Durkheim and Mauss.
260 _aLondon
_bRoutledge
_c1992
300 _aviii,229p
_ccm.
942 _hYxM58:g, N2
_cGB
_2CC
999 _c578369
_d578369